Diálogos / (Record no. 172568)

MARC details
000 -LEADER
campo de control de longitud fija 00819nam a2200193 i 4500
001 - NÚMERO DE CONTROL
campo de control 172568
003 - IDENTIFICADOR DE NÚMERO DE CONTROL
campo de control ES-MaACL
005 - FECHA Y HORA DE LA ÚLTIMA TRANSACCIÓN
campo de control 20240215160038.0
008 - DATOS DE LONGITUD FIJA--INFORMACIÓN GENERAL
campo de control de longitud fija 090720s19271930sp |||| | spa d
080 ## - NÚMERO DE LA CLASIFICACIÓN DECIMAL UNIVERSAL
Número de la Clasificación Decimal Universal 821.14-83"01"
100 0# - ENTRADA PRINCIPAL--NOMBRE DE PERSONA
Nombre de persona Luciano de Samosata.
9 (RLIN) 74580
245 10 - MENCIÓN DEL TÍTULO
Título Diálogos /
Mención de responsabilidad, etc. Luciano.
260 ## - PUBLICACIÓN, DISTRIBUCIÓN, ETC.
Lugar de publicación, distribución, etc. Madrid ;
-- Buenos Aires :
Nombre del editor, distribuidor, etc. Compañía Ibero-Americana de Publicaciones :
-- Librería Fernando Fe,
Fecha de publicación, distribución, etc. [entre 1927-1930] (
Fabricante Tip. Velasco)
300 ## - DESCRIPCIÓN FÍSICA
Extensión XVI, 127 p. ;
Dimensiones 18 cm.
490 1# - MENCIÓN DE SERIE
Mención de serie Bibliotecas populares Cervantes. Las cien mejores obras de la literatura universal ;
Designación de volumen o secuencia 17
830 0# - PUNTO DE ACCESO ADICIONAL DE SERIE-TÍTULO UNIFORME
Título uniforme Bibliotecas populares Cervantes. Las cien mejores obras de la literatura universal
Designación de volumen o secuencia 17
9 (RLIN) 186509
852 4# - LOCALIZACIÓN
Ubicación ES-MaACL
Número de control de estantería E-12884
itemnumber R.139460
Nota libre . - Biblioteca Jacinto Martínez Lacalle
Holdings
Estatus retirado Estado de pérdida Estado de daño No para préstamo Biblioteca de origen Biblioteca actual Ubicación en estantería Fecha de adquisición Fuente de adquisición Total de préstamos Signatura topográfica completa Código de barras Visto por última vez Precio de reemplazo Tipo de ítem Koha
        Biblioteca del Ateneo de Madrid Biblioteca del Ateneo de Madrid Depósito 2 20/07/2009     E-12884 1181095 23/02/2023 23/02/2023 Libro impreso